"Ser obrero es algo relativo..." : obreros, clasismo y política.

Guardat en:
Dades bibliogràfiques
Autor principal: Parodi, Jorge (autor)
Format: Llibre
Idioma:espanyol
Col·lecció:(Urbanización, migraciones y cambios en al sociedad peruana ; no. 7)
Matèries:
Etiquetes: Afegir etiqueta
Sense etiquetes, Sigues el primer a etiquetar aquest registre!

MARC

LEADER 00000cam^a2200000uu^4500
001 000469043
005 20250521000000.0
008 050901s1986^^^^^^^^^^^^rd^r^^000^0^spa^d
009 20260310124527.109
035 |a FCE 000011789 
035 |a FCE 007967 
037 |a Acervo ITESO - Biblioteca 
041 |a spa 
082 0 4 |a 362.85  |b PARs 
100 |a Parodi, Jorge  |e (autor) 
245 1 0 |a "Ser obrero es algo relativo..." :  |b obreros, clasismo y política. 
264 |a Lima :  |b IEP,  |c 1986. 
300 |a 184 p. 
336 |a texto  |b txt  |2 rdacontenido 
337 |a sin mediación  |b n  |2 rdamedio 
338 |a volumen  |b nc  |2 rdasoporte 
440 0 |a (Urbanización, migraciones y cambios en al sociedad peruana ;  |v no. 7) 
649 |a XX 
650 |a Trabajador 
650 |a Política 
650 |a Movimiento obrero 
650 |a Sindicatos 
650 |a Educación obrera 
650 |a Perú 
910 |a Fondo Centro de Estudios Educativos 
920 |a Impresos - Libros 
930 |a Fondos Especiales 
905 |a 133 
901 |a ALE007967  |b IT2  |c CEE  |u 20250521 
902 |a https://opac.biblio.iteso.mx/vufind/Record/000469043